Statistics for Ratt Albums on the Billboard 200 Chart (USA)

Click here to take the quiz!

General Stats

  • This quiz has been taken 15 times
  • The average score is 8 of 9

Answer Stats

Peak Chart Position, YearAnswer% Correct
26, 1986Dancing Undercover
100%
7, 1985Invasion of Your Privacy
100%
7, 1984Out of the Cellar
100%
30, 2010Infestation
90%
169, 1999Ratt
90%
133, 1984Ratt (EP)
90%
17, 1988Reach for the Sky
90%
23, 1990Detonator
80%
57, 1991Ratt and Roll '81-'91
80%

Score Distribution

Percentile by Number Answered

Percent of People with Each Score

Your Score History

You have not taken this quiz